00365nam a2200133Ia 4500082001200000100001800012245005300030260000900083300001000092650004200102650001800144700002000162710004900182 aRR.0119 aRamanamma, A. 0aAcademician's role performance and modernization c1979 a151p. aCOLLEGE TEACHERS - MAHARASHTRA - PUNE aMODERNIZATION aBambawale, Usha aUniversity of Poona, Department of Sociology